Fábulas antiguas de China /

שמור ב:
מידע ביבליוגרפי
פורמט: ספר
שפה:ספרדית
מהדורה:2a edición
סדרה:Obra que reúne más de cien fábulas de escritores chinos que vivieron entre los siglos VII antes de nuestra era hasta el siglo XIX después de nuestra era, sobresaliendo en producción de las mismas los siglos III y IV antes de nuestra era y los siglos XVI y XVII por ser la época de mejor apogeo debido a la situación social que imperaba, donde se valían de esta forma de expresarse ya sea para la comunicación entre los pobladores o para satirizar a los gobernantes.
נושאים:
תגים: הוספת תג
אין תגיות, היה/י הראשונ/ה לתייג את הרשומה!

MARC

LEADER 00000nam^a2200000^a^4500
001 000330183
005 20250521000000.0
009 20260526140658.528
025 |a Donación Robles Martínez, 1 ejemplar 
037 |a Acervo ITESO - Biblioteca 
041 |a ESP 
082 |a 895. 1  |b FAB 
245 0 0 |a Fábulas antiguas de China /  |c Il. de Feng Zikai. 
250 |a 2a edición 
264 |a Beijing, China :  |b Ediciones en Lenguas Extranjeras,  |c 1984 
300 |a 113 p. 
336 |a texto  |b txt  |2 rdacontenido 
337 |a sin mediación  |b n  |2 rdamedio 
338 |a volumen  |b nc  |2 rdasoporte 
440 1 |a Obra que reúne más de cien fábulas de escritores chinos que vivieron entre los siglos VII antes de nuestra era hasta el siglo XIX después de nuestra era, sobresaliendo en producción de las mismas los siglos III y IV antes de nuestra era y los siglos XVI y XVII por ser la época de mejor apogeo debido a la situación social que imperaba, donde se valían de esta forma de expresarse ya sea para la comunicación entre los pobladores o para satirizar a los gobernantes. 
649 |a XX 
650 |a Cuentos Chinos 
650 |a Fábulas Chinas 
650 |a Literatura China 
650 |a Literatura Fantástica -  |z China 
910 |a Fondo Robles Martínez 
920 |a Impresos - Libros 
930 |a Fondos Especiales 
940 |a Literatura 
905 |a 123 
901 |a 0500219656  |b IT2  |c ESP  |i DRM  |u 20250521 
902 |a https://opac.biblio.iteso.mx/vufind/Record/000330183